GOAL A PROCESS FOR ONGOING IMPROVEMENT (Record no. 10682)

MARC details
000 -LEADER
fixed length control field 00360nam a2200133Ia 4500
008 - FIXED-LENGTH DATA ELEMENTS--GENERAL INFORMATION
fixed length control field 240624s9999 xx 000 0 und d
041 ## - LANGUAGE CODE
Language code of text/sound track or separate title eng
082 ## - DEWEY DECIMAL CLASSIFICATION NUMBER
Classification number 823 GOL
100 ## - MAIN ENTRY--PERSONAL NAME
Personal name GOLDRATT ELIYAHU M
245 ## - TITLE STATEMENT
Title GOAL A PROCESS FOR ONGOING IMPROVEMENT
250 ## - EDITION STATEMENT
Edition statement (3rd ed.)
260 ## - PUBLICATION, DISTRIBUTION, ETC.
Date of publication, distribution, etc. 2007
Place of publication, distribution, etc. Madras
Name of publisher, distributor, etc. Productivity & Quality Publishing Pvt.Ltd.
365 ## - TRADE PRICE
Currency code RS
Holdings
Withdrawn status Lost status Damaged status Not for loan Home library Current library Shelving location Date acquired Source of acquisition Cost, normal purchase price Full call number Barcode Date last seen Copy number Price effective from Koha item type
        IMTN IMTN Rack 40-B 09/26/2008 WBD 425.00 823 GOL 10682 06/24/2024 1 06/24/2024 Books
Designed & Maintained by: LRC IMT Nagpur Contact: lrc@imtnag.ac.in© 2024. All Rights Reserved.